000 00276nam a2200121 i 4500
001 bg
245 0 _aPrzewodnik do ćwiczeń polowych z geodezji I.
260 _aWarszawa,
_c1992.
040 _cBPK
041 _apol
942 _cKS
008 s pl f |000 0 pol
999 _c5393
_d5393
856 _uhttp://koha.tu.koszalin.pl/cgi-bin/koha/opac-detail.pl?biblionumber=5393
_yKatalog online BPK